Las normas en el camino del Islam / (Registro nro. 123875)

Detalles MARC
000 -LEADER
campo de control de longitud fija 00558nam a2200169 4500
001 - NÚMERO DE CONTROL
campo de control 123875
003 - IDENTIFICADOR DE NÚMERO DE CONTROL
campo de control ES-MaACL
005 - FECHA Y HORA DE LA ÚLTIMA TRANSACCIÓN
campo de control 20230906192250.0
007 - CAMPO FIJO DE DESCRIPCIÓN FÍSICA--INFORMACIÓN GENERAL
campo de control de longitud fija t|
008 - DATOS DE LONGITUD FIJA--INFORMACIÓN GENERAL
campo de control de longitud fija 070214s1978 sp r ||||1| spa d
100 1# - ENTRADA PRINCIPAL--NOMBRE DE PERSONA
Nombre de persona Qutb, Sa'id.
9 (RLIN) 94811
245 14 - MENCIÓN DEL TÍTULO
Título Las normas en el camino del Islam /
Mención de responsabilidad, etc. Sa'id Qutb ; traducción del Comité Cultural del Centro Islámico en España.
260 ## - PUBLICACIÓN, DISTRIBUCIÓN, ETC.
Lugar de publicación, distribución, etc. Granada :
Nombre del editor, distribuidor, etc. Centro Islámico en España,
Fecha de publicación, distribución, etc. 1978.
300 ## - DESCRIPCIÓN FÍSICA
Extensión 236 p. ;
Dimensiones 17 cm.
710 2# - ENTRADA AGREGADA--NOMBRE DE ENTIDAD CORPORATIVA
Nombre de entidad corporativa o nombre de jurisdicción como elemento de entrada Centro Islámico de España.
9 (RLIN) 2751
852 ## - LOCALIZACIÓN
Ubicación ES-MaACL
Número de control de estantería A-10972
Sublocalización o colección R.100574
Existencias
Estatus retirado Estado de pérdida Estado de daño No para préstamo Biblioteca de origen Biblioteca actual Ubicación en estantería Fecha de adquisición Fuente de adquisición Total de préstamos Signatura topográfica completa Código de barras Visto por última vez Precio de reemplazo Tipo de ítem Koha
        Biblioteca del Ateneo de Madrid Biblioteca del Ateneo de Madrid Depósito 1 17/01/2008     A-10972 1129060 23/02/2023 23/02/2023 Libro impreso